000 00290nam a22001337a 4500
008 170407b xxu||||| |||| 00| 0 eng d
020 _a9781416025344
041 _aeng
080 _27 ED
_a616
100 _a9
101 _aSHM
245 _aBASIC PATHOLOGY
_cCOTRAN.K.R
942 _2udc
_cBK
999 _c10190
_d10190